Á lódáil...
Cometh the hour
| Príomhúdar: | |
|---|---|
| Formáid: | Printed Book |
| Foilsithe: |
London
Pan Books
2016
|
| Ábhair: |
| LEADER | 00514nam a22001697a 4500 | ||
|---|---|---|---|
| 003 | OSt | ||
| 020 | |a 9781447252214 | ||
| 082 | |a 823.1 |b ARC/CO | ||
| 100 | |a Archer, Jeffrey | ||
| 245 | |a Cometh the hour | ||
| 260 | |a London |b Pan Books |c 2016 | ||
| 300 | |a 511p | ||
| 546 | |a English | ||
| 650 | |a Novel | ||
| 942 | |2 ddc |c BK | ||
| 999 | |c 157418 |d 157418 | ||
| 952 | |0 0 |1 0 |2 ddc |4 0 |6 823_100000000000000_ARCCO |7 0 |8 Gen |9 156894 |a KAUCLV |b KAUCLV |c GENERAL |d 2017-08-02 |g 399.00 |l 5 |o 823.1 ARC/CO |p 225940 |r 2020-04-28 |s 2020-04-28 |w 2017-08-02 |y BK | ||